Score 0/48 Timer 05:00
2 Plays Today
Category Answer % Correct
Binary Digits1
92.3%
Binary Digits0
91.7%
Human Sex Chromosome PairsXY
89.4%
Curie CoupleMarie
88.9%
Human Sex Chromosome PairsXX
88%
Conjugate pH PairAcid
81.7%
Conjugate pH PairBase
81.4%
Egg-Laying MammalsPlatypus
75.9%
Period 1 ElementsHydrogen
74.4%
Human Forearm BonesUlna
74.1%
Period 1 ElementsHelium
71%
Bear ConstellationsUrsa Major
70.7%
Bear ConstellationsUrsa Minor
70.6%
Human Forearm BonesRadius
66%
Heart Chamber TypesVentricle
62.9%
Types of Electric CurrentDirect
62.6%
Liquid Elements at STPMercury
61.3%
Types of Electric CurrentAlternating
61%
Mechanical Energy TypesKinetic
58.1%
Nucleic AcidsDNA
57.4%
Nucleic AcidsRNA
56.8%
Indigenous Plants and AnimalsFauna
51.3%
Indigenous Plants and AnimalsFlora
51.3%
Heart Chamber TypesAtrium
50.7%
Category Answer % Correct
Curie CouplePierre
50.7%
Mechanical Energy TypesPotential
47.4%
Types of IonsAnion
45.6%
Ice GiantsNeptune
43.4%
Ice GiantsUranus
42.9%
Main Calculus OperationsDifferentiation
42.4%
Types of IonsCation
42.2%
Moons of MarsPhobos
41.7%
Main Calculus OperationsIntegration
41.2%
Basic Elementary ParticlesQuark
38.3%
Egg-Laying MammalsEchidna
35.5%
Moons of MarsDeimos
34.8%
Boolean ValuesTrue
32.2%
Boolean ValuesFalse
32.2%
Autosomal Allele TypesDominant
30.6%
Autosomal Allele TypesRecessive
30.4%
Complex Number ComponentsImaginary
28.1%
Complex Number ComponentsReal
27.5%
Endoplasmic ReticulaSmooth
26.6%
Endoplasmic ReticulaRough
25.7%
Liquid Elements at STPBromine
25.7%
f-block Element SeriesLanthanides
22.1%
f-block Element SeriesActinides
20.1%
Basic Elementary ParticlesLepton
13.3%
Remove Ads.
Support Sporcle.
Get the best of Sporcle when you Go Orange. This ad-free experience offers more features, more stats, and more fun while also helping to support Sporcle. Thank you for becoming a member.

You're not logged in!

Compare scores with friends on all Sporcle quizzes.
OR
Log In

Sporcle TV

Today on Sporcle TV


Watch our educational content, quiz creation guides, and fun videos on Sporcle TV.

Show Comments

Extras

Top Quizzes Today


Score Distribution

Paid Content

Your Account Isn't Verified!

In order to create a playlist on Sporcle, you need to verify the email address you used during registration. Go to your Sporcle Settings to finish the process.

Report this User

Report this user for behavior that violates our Community Guidelines.

Details: